Random phenomena. Fundamentals of probability and statistics for enginners
Salvato in:
| Autore principale: | |
|---|---|
| Natura: | Libro |
| Lingua: | inglese |
| Pubblicazione: |
Boca Ratón, Florida, USA.
CRC Press,
2010
|
| Soggetti: | |
| Tags: |
Aggiungi Tag
Nessun Tag, puoi essere il primo ad aggiungerne!!
|
MARC
| LEADER | 00000cam a2200000 a 4500 | ||
|---|---|---|---|
| 001 | UCC4077 | ||
| 003 | CL-VaPUC | ||
| 005 | 20220927170651.0 | ||
| 008 | 180706e20100000us |||||||||||||||||eng|d | ||
| 999 | |c 371680 |d 371678 | ||
| 020 | |a 9781420044973 | ||
| 040 | |c Pontificia Universidad Católica de Valparaíso | ||
| 082 | 0 | 4 | |a 519.5 OGU 2010 |b |2 21 |
| 100 | |a Ogunnaike, Babatunde A. |e author |9 41 | ||
| 245 | 1 | 0 | |a Random phenomena. |b Fundamentals of probability and statistics for enginners |
| 260 | |a Boca Ratón, Florida, USA. |b CRC Press, |c 2010 | ||
| 300 | |a 1019 páginas | ||
| 500 | |a Incluye CD | ||
| 583 | |a last modification |c 20180706 14:40:00 |k Rodrigo Vera | ||
| 650 | 0 | |a Estadística para ingenieros |2 CL-VaPUC |9 262502 | |
| 650 | 0 | |a Probabilidades |9 260199 | |
| 650 | 0 | |a Estadística matemática |9 260028 | |
| 650 | 0 | |a Métodos estadísticos |9 259407 | |
| 852 | |a BIBCUR | ||
| 942 | |c BK |2 ddc | ||
| 945 | |d 20180706 14:40:00 |a dcastane | ||
| 952 | |0 0 |1 0 |3 erd |4 0 |6 519_500000000000000_OGU_2010 |7 0 |8 A |9 488782 |a BIBING |b BIBING |i 547972K |o 519.5 OGU 2010 |p 547972K |r 2025-01-20 |w 2019-11-24 |y BK |z Catalogado en:20180706 |k EIQ | ||
| 952 | |0 0 |1 0 |3 erd |4 0 |6 519_500000000000000_OGU_2010 |7 0 |8 A |9 488783 |a BIBING |b BIBING |d 2019-07-15 |e 1 |g 136710.00 |i 5555582 |o 519.5 OGU 2010 |p 5555582 |r 2025-01-20 |y BK |z Catalogado en:20190719 |k EIQ | ||